BİR SES BÖLER GECEYİ (Record no. 714597)

MARC details
000 -LEADER
sabit uzunluktaki kontrol alanı 00246nam a2200097Ia 4500
001 - KONTROL NUMARASI
kontrol alanı 714597
005 - EN SON İŞLEMİN TARİH VE ZAMANI
kontrol alanı 20250826162908.0
008 - SABİT-UZUNLUKTA VERİ ÖĞELERİ--GENEL BİLGİ
sabit uzunluktaki kontrol alanı 250824s9999 xx 000 0 und d
245 #0 - ESER / YAZAR
ESER ADI BİR SES BÖLER GECEYİ
Yazar Adı AHMET ÜMİT
260 ## - YAYIN, DAĞITIM, VB.
YAYIN EVİ EVEREST YAYINLARI
Holdings
Düşüm durumu Kayıp durumu Hasar Durumu Ödünç verilmez Ana kütüphane Geçerli Kütüphane Edinilen tarih Toplam ödünç verme sayısı Barkod Son görüntüleme tarihi Son ödünç verme tarihi Fiyatın geçerli olmaya başladığı tarih Koha materyal türü
        OSMAN NURİ HEKİMOĞLU ANADOLU LİSESİ OSMAN NURİ HEKİMOĞLU ANADOLU LİSESİ 24.08.2025 2 1033680 15.12.2025 08.12.2025 26.08.2025 Books